[Event "Reykjavik Open 2018"]
[Site "Reykjavik ISL"]
[Date "2018.03.07"]
[Round "2.30"]
[White "Thorhallsson, Throstur"]
[Black "Kristjansson, Atli Freyr"]
[Result "1/2-1/2"]
[WhiteTitle "GM"]
[WhiteElo "2419"]
[BlackElo "2123"]
[WhiteFideId "2300109"]
[BlackFideId "2302268"]
[EventDate "2018.03.06"]

1. e4 e5 2. Nf3 Nc6 3. Bc4 Bc5 4. c3 Nf6 5. d3 d6 6. Bb3 a6 7. Nbd2 Ba7 8. Nf1
d5 9. Qe2 dxe4 10. dxe4 Ng4 11. Ne3 Bxe3 12. Bxe3 Nxe3 13. Qxe3 O-O 14. O-O Qf6
15. h3 Be6 16. Rfd1 Rad8 17. Bd5 Rd6 18. Rd2 Rfd8 19. Rad1 Bxd5 20. exd5 Ne7 21.
c4 Ng6 22. g3 h6 23. Qe4 c6 24. dxc6 bxc6 25. Rxd6 Rxd6 26. Rxd6 Qxd6 27. h4 Qe6
28. h5 Nf8 29. Qxe5 Qxc4 30. b3 Qd3 31. Nd4 Qc3 32. Qe4 Qb4 33. Qd3 Qd6 34. Qc4
c5 35. Nf5 Qd1+ 36. Kg2 Ne6 37. Ne3 Qd6 38. Qe4 Ng5 39. Qd5 Qe7 40. Kf1 Qe4 41.
Ke2 Qb1 42. Qd8+ Kh7 43. Qd3+ Qxd3+ 44. Kxd3 g6 45. f4 Nf3 46. g4 Kg7 47. Ke4
Nd4 48. Nd5 f5+ 49. gxf5 gxh5 50. f6+ Kf7 51. f5 h4 52. Kf4 Nxf5 53. Kg4 h5+ 54.
Kh3 a5 55. Nb6 Nd6 56. Kxh4 Kg6 57. f7 Kxf7 58. Kxh5 Ke6 59. Kg4 Ke5 60. Kf3 Kd4
61. Ke2 Kc3 62. Na4+ Kb4 63. Kd3 c4+ 64. Kc2 Nb5 65. Kb2 cxb3 66. axb3 1/2-1/2

[Event "Reykjavik Open 2018"]
[Site "Reykjavik ISL"]
[Date "2018.03.07"]
[Round "2.31"]
[White "Kvetny, Mark"]
[Black "Edvardsson, Kristjan"]
[Result "1-0"]
[WhiteTitle "IM"]
[WhiteElo "2408"]
[BlackElo "2217"]
[WhiteFideId "24603929"]
[BlackFideId "2300893"]
[EventDate "2018.03.06"]

1. d4 d5 2. c4 e6 3. Nc3 Nf6 4. cxd5 exd5 5. Bg5 c6 6. e3 Qb6 7. Qc2 Ne4 8. Bf4
Bd6 9. Bxd6 Nxd6 10. Bd3 Na6 11. a3 g6 12. f3 Bf5 13. e4 dxe4 14. fxe4 Be6 15.
Nge2 O-O 16. O-O Rad8 17. Kh1 Bb3 18. Qc1 c5 19. d5 c4 20. Bb1 Nc5 21. e5 Nd3
22. Bxd3 cxd3 23. Nf4 Nc4 24. Ne4 Qd4 25. Nf6+ Kh8 26. Nxg6+ fxg6 27. Qh6 Rf7
28. Nxh7 Kg8 29. Rxf7 Kxf7 30. Rf1+ Ke8 31. Nf6+ 1-0

[Event "Reykjavik Open 2018"]
[Site "Reykjavik ISL"]
[Date "2018.03.07"]
[Round "2.32"]
[White "Seyb, Dieter"]
[Black "Foisor, Sabina-Francesca"]
[Result "1/2-1/2"]
[WhiteTitle "FM"]
[BlackTitle "WGM"]
[WhiteElo "2192"]
[BlackElo "2326"]
[WhiteFideId "4603346"]
[BlackFideId "1212915"]
[EventDate "2018.03.06"]

1. e4 e5 2. Nf3 Nc6 3. d4 exd4 4. Nxd4 Nf6 5. Nxc6 bxc6 6. e5 Qe7 7. Qe2 Nd5 8.
Nd2 g6 9. Ne4 Bg7 10. c4 Ba6 11. Bg5 Qxe5 12. Nc5 Nb4 13. O-O-O Nxa2+ 14. Kc2
Nb4+ 15. Kb3 Qxe2 16. Bxe2 d6 17. Kxb4 dxc5+ 18. Kxc5 O-O 19. Rhe1 Bxb2 20. Kxc6
Rab8 21. c5 Bb7+ 22. Kd7 Bxg2 23. Bc4 c6 24. Be7 Rfe8 25. Re3 Bg7 26. Rg1 Bf8
27. Rxg2 Rxe7+ 28. Rxe7 Rb7+ 29. Kxc6 Rxe7 30. Rg3 Re5 31. Bd5 Kg7 32. Re3 Rh5
33. h3 Rg5 34. Ra3 Rf5 35. f3 Rf6+ 36. Kb5 a6+ 37. Rxa6 Rxa6 38. Kxa6 Bxc5 39.
Kb5 Ba7 40. Kc4 f5 41. Kd3 Kf6 42. Ke2 Ke5 43. Ba8 h6 44. Kf1 g5 45. Kg2 Kf4 1/2-1/2

[Event "Reykjavik Open 2018"]
[Site "Reykjavik ISL"]
[Date "2018.03.07"]
[Round "2.33"]
[White "Yu, Henry"]
[Black "Sarkar, Justin"]
[Result "0-1"]
[BlackTitle "IM"]
[WhiteElo "2051"]
[BlackElo "2322"]
[WhiteFideId "30942683"]
[BlackFideId "2010011"]
[EventDate "2018.03.06"]

1. Nf3 d5 2. g3 g6 3. Bg2 Bg7 4. d4 Nf6 5. c4 O-O 6. cxd5 Nxd5 7. O-O c5 8. Qb3
Na6 9. Rd1 Be6 10. e4 Nf4 11. d5 Ne2+ 12. Kh1 Bg4 13. Be3 Bxf3 14. Bxf3 Nd4 15.
Bxd4 Bxd4 16. Rd2 Rb8 17. Nc3 b5 18. a4 c4 19. Qc2 Nb4 20. Qd1 Nd3 21. Rxd3 cxd3
22. Qxd3 Bxc3 23. bxc3 b4 24. cxb4 Rxb4 25. a5 Qc7 26. a6 Rfb8 27. Kg2 Rb2 28.
Qd4 R8b4 29. Qe3 Qb6 30. Qxb6 Rxb6 31. e5 Rd2 32. Ra3 Rbb2 33. g4 Rxf2+ 34. Kg3
Rxh2 35. Rc3 Rhc2 36. Rd3 Ra2 37. d6 exd6 38. exd6 Rd2 39. Rc3 Rxd6 40. Bb7 Kg7
41. Rc8 Rd3+ 42. Kf4 Rd4+ 43. Ke5 Rxg4 44. Ra8 Rd2 45. Rxa7 f6+ 46. Ke6 Rgd4 0-1

[Event "Reykjavik Open 2018"]
[Site "Reykjavik ISL"]
[Date "2018.03.07"]
[Round "2.34"]
[White "Thorhallsson, Simon"]
[Black "Thorsteinsson, Thorsteinn"]
[Result "1/2-1/2"]
[BlackTitle "FM"]
[WhiteElo "2060"]
[BlackElo "2317"]
[WhiteFideId "2310090"]
[BlackFideId "2300281"]
[EventDate "2018.03.06"]

1. d4 Nf6 2. c4 c5 3. d5 e5 4. Nc3 d6 5. e4 Be7 6. g3 O-O 7. Bg2 a6 8. a4 b6 9.
Nge2 Nbd7 10. O-O Ne8 11. Qc2 Ra7 12. h3 Kh8 13. Be3 g6 14. Kh2 f5 15. exf5 gxf5
16. f4 Ndf6 17. Rab1 e4 18. Bg1 Rg8 19. b4 a5 20. bxc5 bxc5 21. Rb8 Nd7 22. Rb3
h5 23. Nd1 Nc7 24. Ne3 Nf6 25. g4 fxg4 26. Bxe4 Nxe4 27. Qxe4 Ne8 28. f5 Bg5 29.
Nf4 Nf6 30. Qg2 Bxf4+ 31. Rxf4 Rag7 32. Qb2 Kh7 33. hxg4 hxg4 34. Kg2 Nh5 35.
Re4 Qh4 36. Bf2 Qh3+ 37. Kg1 g3 38. Be1 g2 39. Rh4 Qf3 40. Qf2 Qxf2+ 41. Bxf2
Kh6 42. Rb6 Rd8 43. Nxg2 Bxf5 44. Kh2 Kg6 45. Bxc5 Rgd7 46. Bd4 Nf6 47. Bxf6
Kxf6 48. c5 Ke5 49. Rh5 Rh7 50. Rxh7 Bxh7 51. Rb5 dxc5 52. Rxc5 Rxd5 53. Rc7 Be4
54. Ne3 Rd4 55. Nc4+ Kf4 56. Rf7+ Bf5 57. Nxa5 Rxa4 1/2-1/2

[Event "Reykjavik Open 2018"]
[Site "Reykjavik ISL"]
[Date "2018.03.07"]
[Round "2.35"]
[White "Brunello, Marina"]
[Black "Magnusson, Magnus"]
[Result "1-0"]
[WhiteTitle "FM"]
[WhiteElo "2367"]
[BlackElo "2023"]
[WhiteFideId "822590"]
[BlackFideId "2302128"]
[EventDate "2018.03.06"]

1. e4 e5 2. Nf3 Nc6 3. Bb5 a6 4. Ba4 Nf6 5. d3 b5 6. Bb3 Bc5 7. a4 b4 8. a5 d6
9. Nbd2 Nd4 10. Nxd4 Bxd4 11. O-O Bg4 12. Ba4+ Kf8 13. Qe1 Rb8 14. h3 Bh5 15.
Nb3 Ba7 16. Bd2 Rg8 17. Bxb4 g5 18. Bd2 g4 19. h4 g3 20. Bh6+ Ke7 21. Bg5 Rg6
22. d4 h6 23. Bxf6+ Kxf6 24. fxg3+ Kg7 25. Kh2 exd4 26. Bc6 Qe7 27. Qf2 Rg4 28.
Nxd4 Bxd4 29. Qxd4+ Qe5 30. Qxe5+ dxe5 31. b3 Bg6 32. Ra4 f5 33. exf5 Rxa4 34.
Bxa4 Bh5 35. f6+ Kf7 36. Bc6 Rd8 37. c4 Rd3 38. Bd5+ Kf8 39. Rf5 Bf7 40. Rxe5
Rxb3 41. Bxf7 Kxf7 42. Re7+ Kxf6 43. Rxc7 Kf5 44. Rc6 h5 45. Rh6 1-0

[Event "Reykjavik Open 2018"]
[Site "Reykjavik ISL"]
[Date "2018.03.07"]
[Round "2.36"]
[White "Marentini, Marcel"]
[Black "Bisby, Daniel L"]
[Result "0-1"]
[BlackTitle "FM"]
[WhiteElo "2024"]
[BlackElo "2339"]
[WhiteFideId "1318730"]
[BlackFideId "404586"]
[EventDate "2018.03.06"]

1. Nf3 Nf6 2. c4 g6 3. Nc3 Bg7 4. e4 d6 5. d4 O-O 6. h3 e5 7. d5 Na6 8. Be3 Nc5
9. Nd2 a5 10. g4 c6 11. Be2 Bd7 12. g5 Ne8 13. Nb3 cxd5 14. Nxc5 d4 15. Nxd7
Qxd7 16. Nd5 dxe3 17. Nb6 exf2+ 18. Kf1 Qd8 19. Nxa8 Qxa8 20. h4 Nc7 21. Bg4 b5
22. Qd3 bxc4 23. Qxc4 Nb5 24. Qd5 Qxd5 25. exd5 e4 26. Bd7 Rb8 27. Kxf2 Bd4+ 28.
Kg2 Nc7 29. Bc6 Rxb2+ 30. Kh3 Na6 31. Rad1 Be5 32. a4 Rb3+ 33. Kg2 Nc5 34. Rh3
e3 35. Bb5 Ne4 36. Re1 Bd4 37. Rhh1 Nc3 38. Bc6 Rb2+ 39. Kf3 Rf2+ 40. Kg4 h5+
41. gxh6 f5+ 42. Kh3 Kh7 43. Rhg1 Be5 44. Rh1 Rf3+ 45. Kg2 Rg3+ 46. Kf1 f4 47.
Rg1 e2+ 0-1

[Event "Reykjavik Open 2018"]
[Site "Reykjavik ISL"]
[Date "2018.03.07"]
[Round "2.37"]
[White "Der Manuelian, Haik"]
[Black "Mortensen, Rogvi"]
[Result "1-0"]
[WhiteElo "2279"]
[BlackElo "2018"]
[WhiteFideId "2084015"]
[BlackFideId "7202369"]
[EventDate "2018.03.06"]

1. e4 c5 2. Nf3 e6 3. d4 cxd4 4. Nxd4 Nc6 5. Nc3 Qc7 6. Be2 Nf6 7. O-O Be7 8.
Be3 O-O 9. f4 d6 10. Kh1 Nxd4 11. Bxd4 e5 12. Be3 exf4 13. Bxf4 a6 14. Bg5 Be6
15. Be3 Ng4 16. Nd5 Bxd5 17. exd5 Ne5 18. Bd3 Nxd3 19. Qxd3 Bf6 20. Rxf6 gxf6
21. Bd4 Rfc8 22. Qg3+ Kf8 23. Bxf6 Qxc2 24. Qg7+ 1-0

[Event "Reykjavik Open 2018"]
[Site "Reykjavik ISL"]
[Date "2018.03.07"]
[Round "2.38"]
[White "Birkisson, Bjorn Holm"]
[Black "Kumar, Nikhil"]
[Result "0-1"]
[BlackTitle "FM"]
[WhiteElo "2022"]
[BlackElo "2277"]
[WhiteFideId "2310600"]
[BlackFideId "30909040"]
[EventDate "2018.03.06"]

1. e4 c6 2. Nc3 d5 3. Nf3 Bg4 4. h3 Bxf3 5. Qxf3 e6 6. d4 Nf6 7. Bg5 Be7 8.
O-O-O dxe4 9. Nxe4 Nxe4 10. Bxe7 Qxe7 11. Qxe4 Nd7 12. Kb1 O-O-O 13. f4 Qd6 14.
Qf3 Rhe8 15. g3 Kb8 16. Bg2 Qc7 17. Rd3 Nf6 18. Rhd1 g6 19. c4 h5 20. R1d2 Re7
21. Qd1 h4 22. Qa4 Red7 23. Rb3 Ka8 24. Ra3 a6 25. c5 hxg3 26. Bf1 Qc8 27. Qb3
Ne4 28. Rd1 Rxd4 29. Rxd4 Rxd4 30. Kc1 Nxc5 31. Qb6 Qd8 32. Qxc5 Rd1+ 33. Kc2
Rxf1 34. Rd3 Rf2+ 35. Kc3 Qf6+ 36. Rd4 Rxf4 0-1

[Event "Reykjavik Open 2018"]
[Site "Reykjavik ISL"]
[Date "2018.03.07"]
[Round "2.39"]
[White "Doluhanova, Evgeniya"]
[Black "Arnalds, Stefan"]
[Result "1-0"]
[WhiteTitle "WGM"]
[WhiteElo "2275"]
[BlackElo "1999"]
[WhiteFideId "14112035"]
[BlackFideId "2304821"]
[EventDate "2018.03.06"]

1. e4 d5 2. exd5 Qxd5 3. Nc3 Qa5 4. Rb1 c6 5. b4 Qc7 6. Nf3 Nf6 7. Bc4 b5 8. Be2
e6 9. O-O Bd6 10. d3 Qe7 11. a3 a5 12. Ne4 Nxe4 13. dxe4 axb4 14. e5 Bc5 15.
axb4 Ba7 16. Bg5 Qc7 17. Bd3 Nd7 18. Qe2 Bb7 19. Ra1 Bb8 20. Rxa8 Bxa8 21. Re1
Nb6 22. Bd2 h6 23. Nd4 Ke7 24. Qg4 g6 25. Bxg6 c5 26. bxc5 Rg8 27. Qh4+ Ke8 28.
cxb6 Qxb6 29. Be4 1-0

[Event "Reykjavik Open 2018"]
[Site "Reykjavik ISL"]
[Date "2018.03.07"]
[Round "2.40"]
[White "Navalgund, Niranjan"]
[Black "Mai, Alexander Oliver"]
[Result "1-0"]
[WhiteElo "2275"]
[BlackElo "1995"]
[WhiteFideId "5030854"]
[BlackFideId "2313391"]
[EventDate "2018.03.06"]

1. d4 d5 2. Nf3 Nf6 3. c4 e6 4. g3 Bb4+ 5. Bd2 Bd6 6. Bg2 O-O 7. O-O c6 8. Bg5
Nbd7 9. Nc3 h6 10. Bxf6 Nxf6 11. Nd2 b6 12. e4 dxe4 13. Ndxe4 Nxe4 14. Nxe4 Bb7
15. Rc1 Be7 16. Qe2 Bf6 17. Nxf6+ Qxf6 18. Qe5 Qxe5 19. dxe5 Rfd8 20. Rfd1 Kf8
21. b4 Ke7 22. c5 Rxd1+ 23. Rxd1 b5 24. a4 a6 25. a5 h5 26. Rd6 Rc8 27. f4 g6
28. Be4 Ba8 29. Kg2 Bb7 30. Kh3 Ba8 31. Kh4 Bb7 32. Kg5 Ba8 33. Kh6 Bb7 34. Kg7
Ba8 35. h3 Rc7 36. g4 hxg4 37. hxg4 Bb7 38. Bg2 Rc8 39. Bf3 Rc7 40. Be4 Rc8 41.
f5 gxf5 42. gxf5 exf5 43. Bxf5 Rc7 44. Rd7+ Rxd7 45. Bxd7 Kxd7 46. Kxf7 Kc7 47.
e6 Bc8 48. e7 Bd7 49. e8=Q Bxe8+ 50. Kxe8 Kc8 51. Ke7 Kc7 52. Ke6 Kc8 53. Kd6
Kd8 54. Kxc6 Ke7 55. Kb6 Ke6 56. Kxa6 1-0

[Event "Reykjavik Open 2018"]
[Site "Reykjavik ISL"]
[Date "2018.03.07"]
[Round "2.41"]
[White "Thurlow, Kevin J"]
[Black "Mohota, Nisha"]
[Result "1-0"]
[WhiteTitle "CM"]
[BlackTitle "IM"]
[WhiteElo "1999"]
[BlackElo "2272"]
[WhiteFideId "406104"]
[BlackFideId "5004330"]
[EventDate "2018.03.06"]

1. c4 e5 2. Nc3 Nf6 3. Nf3 Nc6 4. e3 Bb4 5. Qc2 O-O 6. Nd5 Re8 7. a3 Bf8 8. Ng5
g6 9. h4 Bh6 10. d3 d6 11. Be2 Bxg5 12. hxg5 Nxd5 13. cxd5 Nb8 14. e4 c6 15.
dxc6 Nxc6 16. Be3 Be6 17. b4 Rc8 18. Qb2 Nd4 19. Bxd4 exd4 20. Qxd4 Qxg5 21. O-O
Bh3 22. Bf3 b6 23. Qxd6 Red8 24. Qg3 Qxg3 25. fxg3 Be6 26. Rfd1 Bb3 27. Rd2 Rc2
28. Rxc2 Bxc2 29. Rc1 Ba4 30. Be2 Bb5 31. Kf2 Kg7 32. Ke3 Rd7 33. g4 f6 34. Rc3
Re7 35. Bd1 f5 36. gxf5 gxf5 37. Kf4 fxe4 38. dxe4 Rf7+ 39. Ke3 Re7 40. Bf3 Ba4
41. Kf4 Rf7+ 42. Ke5 Re7+ 43. Kd6 Kf6 44. Rc7 Re6+ 45. Kd5 Re5+ 46. Kd4 Re7 47.
e5+ Rxe5 48. Rxa7 Bc2 49. Rf7+ Kxf7 50. Kxe5 Bd3 51. Be4 Bf1 52. Bxh7 Bxg2 53.
Kd6 Bf1 54. a4 Be2 55. Bc2 Kf6 56. b5 Bf1 57. Kc7 Ke5 58. Kxb6 Kd4 59. a5 Bg2
60. Bf5 Kc4 61. Bd7 1-0

[Event "Reykjavik Open 2018"]
[Site "Reykjavik ISL"]
[Date "2018.03.07"]
[Round "2.42"]
[White "Kucuksari, Kaan"]
[Black "Swati, Mohota"]
[Result "1-0"]
[WhiteTitle "FM"]
[BlackTitle "WFM"]
[WhiteElo "2271"]
[BlackElo "1991"]
[WhiteFideId "6380166"]
[BlackFideId "5006511"]
[EventDate "2018.03.06"]

1. d4 d5 2. Nf3 Nf6 3. c4 c6 4. Qc2 g6 5. Bf4 Bf5 6. Qb3 Qb6 7. e3 Nbd7 8. Nc3
Bg7 9. h3 O-O 10. Be2 dxc4 11. Bxc4 Qxb3 12. Bxb3 Be4 13. Nxe4 Nxe4 14. Ke2 Rfe8
15. Rhd1 Rad8 16. Rac1 Nb6 17. Bc7 Rc8 18. Be5 Nd5 19. Bxg7 Kxg7 20. Ne5 f6 21.
Nd3 e6 22. f3 Nd6 23. e4 Nc7 24. Ke3 f5 25. Nc5 Re7 26. e5 Nd5+ 27. Kf2 Nf7 28.
Nxe6+ Rxe6 29. Bxd5 Re7 30. f4 Rd8 31. Bf3 h5 32. g3 Nh6 33. b4 a6 34. d5 cxd5
35. Rxd5 Rxd5 36. Bxd5 Rd7 37. Be6 Re7 38. Bb3 Rd7 39. Rc8 Re7 40. Ke3 Nf7 41.
Kd4 Rd7+ 42. Kc5 Nd8 43. e6 Nxe6+ 44. Bxe6 Rd3 45. Rc7+ Kh8 46. Rxb7 Rxg3 47.
Kd6 Rxh3 48. Ke5 Re3+ 49. Kf6 h4 50. Bf7 1-0

[Event "Reykjavik Open 2018"]
[Site "Reykjavik ISL"]
[Date "2018.03.07"]
[Round "2.44"]
[White "Shailesh, Dravid"]
[Black "Velez Romero, Juan Luis"]
[Result "1/2-1/2"]
[WhiteTitle "FM"]
[WhiteElo "2246"]
[BlackElo "1981"]
[WhiteFideId "25017969"]
[BlackFideId "2273187"]
[EventDate "2018.03.06"]

1. e4 c5 2. b4 b6 3. bxc5 bxc5 4. Nc3 e6 5. Nf3 Nc6 6. Rb1 Be7 7. Bc4 Nf6 8. e5
Ng4 9. Qe2 f6 10. Qe4 f5 11. Qe2 O-O 12. O-O Qc7 13. Re1 Rb8 14. Nb5 Qd8 15. Rb3
Na5 16. h3 Nxb3 17. axb3 Nh6 18. d4 cxd4 19. Nfxd4 Bc5 20. Rd1 Qh4 21. c3 Nf7
22. b4 Bb6 23. Nxf5 Qxf2+ 24. Qxf2 Bxf2+ 25. Kxf2 Nxe5 26. Be2 Rxf5+ 27. Ke1 Ba6
28. Nd6 Bxe2 29. Kxe2 Rff8 30. Be3 a6 1/2-1/2

[Event "Reykjavik Open 2018"]
[Site "Reykjavik ISL"]
[Date "2018.03.07"]
[Round "2.45"]
[White "Lorscheid, Gerhard"]
[Black "Zhou, Aiden"]
[Result "1/2-1/2"]
[WhiteTitle "FM"]
[WhiteElo "2228"]
[BlackElo "1977"]
[WhiteFideId "4606000"]
[BlackFideId "2618826"]
[EventDate "2018.03.06"]

1. g3 d5 2. Bg2 c6 3. Nf3 Bg4 4. d3 Nd7 5. O-O Ngf6 6. Nbd2 e5 7. h3 Bh5 8. e4
Bd6 9. Qe1 O-O 10. Nh4 Re8 11. Nb3 Nb6 12. a4 dxe4 13. dxe4 Nc4 14. g4 Bg6 15.
Qe2 Na5 16. Nd2 a6 17. Rd1 Qc7 18. Nf1 b5 19. b3 Nb7 20. Bf3 Nc5 21. Nf5 Bxf5
22. gxf5 Red8 23. Bg5 Be7 24. Nd2 Nh5 25. Be3 Nf4 26. Bxf4 exf4 27. e5 f6 28. e6
Rab8 29. axb5 axb5 30. Re1 Rd4 31. Ra2 Rbd8 32. Nf1 g6 1/2-1/2

[Event "Reykjavik Open 2018"]
[Site "Reykjavik ISL"]
[Date "2018.03.07"]
[Round "2.46"]
[White "Runarsson, Gunnar"]
[Black "Heimisson, Hilmir Freyr"]
[Result "1-0"]
[BlackTitle "CM"]
[WhiteElo "1993"]
[BlackElo "2224"]
[WhiteFideId "2301768"]
[BlackFideId "2309998"]
[EventDate "2018.03.06"]

1. b3 e5 2. Bb2 Nc6 3. c4 Nf6 4. g3 d5 5. Bg2 Be6 6. d3 dxc4 7. bxc4 e4 8. Qb3
Bb4+ 9. Nc3 Nd4 10. Qa4+ Bd7 11. Qd1 c5 12. e3 Qa5 13. Qd2 exd3 14. Qxd3 Bf5 15.
e4 Be6 16. a3 Bxc3+ 17. Bxc3 Qa4 18. Bxd4 Rd8 19. Ne2 Bxc4 20. Qd1 Qa5+ 21. Qd2
Qxd2+ 22. Kxd2 Bxe2 23. Kxe2 Rxd4 24. Rhd1 Rxd1 25. Rxd1 O-O 26. e5 Re8 27. f4
h5 28. Bxb7 Ng4 29. h3 Nh6 30. Rd7 Rb8 31. Bd5 a5 32. Rc7 Rb2+ 33. Kf3 Rd2 34.
Rxc5 Rd3+ 35. Kf2 Rxa3 36. Rc8+ Kh7 37. Rc7 Kg8 38. Ra7 Kf8 39. f5 Ke8 40. Ra8+
Kd7 41. Ra7+ Ke8 42. Bc6+ Kd8 43. e6 fxe6 44. fxe6 Nf5 45. Rd7+ Kc8 46. g4 Ra2+
47. Kf3 Nh4+ 48. Ke3 Ng2+ 49. Bxg2 Rxg2 50. Rd1 hxg4 51. e7 Rg3+ 52. Ke4 1-0

[Event "Reykjavik Open 2018"]
[Site "Reykjavik ISL"]
[Date "2018.03.07"]
[Round "2.47"]
[White "Roe, Simon J"]
[Black "Haraldsson, Haraldur"]
[Result "1-0"]
[WhiteElo "2221"]
[BlackElo "1963"]
[WhiteFideId "401471"]
[BlackFideId "2311100"]
[EventDate "2018.03.06"]

1. Nf3 Nf6 2. c4 c5 3. g3 b6 4. Bg2 Bb7 5. O-O g6 6. Nc3 Bg7 7. d4 cxd4 8. Qxd4
Nc6 9. Qf4 Rc8 10. Rd1 Na5 11. b3 b5 12. Bb2 bxc4 13. b4 Nc6 14. b5 Na5 15. Qd4
a6 16. bxa6 Bxa6 17. Ne5 Qc7 18. Rab1 d6 19. Ng4 Nh5 20. Qd2 Bb7 21. Bxb7 Qxb7
22. Nd5 Bxb2 23. Rxb2 Qa7 24. Qc3 f6 25. Rb5 Nc6 26. Qxc4 Kf8 27. Rdb1 Qa6 28.
Qd3 f5 29. Nge3 Kf7 30. Qd2 Rhe8 31. Rb7 Qa5 32. Qb2 Ra8 33. Nc7 Qxa2 34. Nxe8
Kxe8 35. Qh8+ 1-0

[Event "Reykjavik Open 2018"]
[Site "Reykjavik ISL"]
[Date "2018.03.07"]
[Round "2.49"]
[White "Ragnarsson, Johann"]
[Black "Nebolsina, Vera"]
[Result "1-0"]
[BlackTitle "WGM"]
[WhiteElo "1985"]
[BlackElo "2211"]
[WhiteFideId "2301040"]
[BlackFideId "4163591"]
[EventDate "2018.03.06"]

1. d4 Nf6 2. c4 g6 3. Nc3 Bg7 4. Nf3 O-O 5. Bf4 d6 6. h3 Nc6 7. e3 Bd7 8. Be2
Qe8 9. O-O e5 10. Bh2 h6 11. b4 Nh7 12. b5 Nd8 13. Rc1 Ng5 14. Nxg5 hxg5 15. c5
Ne6 16. cxd6 exd4 17. exd4 cxd6 18. Bxd6 Nxd4 19. Re1 Qd8 20. Bxf8 Qxf8 21. Ne4
Rd8 22. Bc4 Bxb5 23. Bxb5 Nxb5 24. Qb3 Nd4 25. Qxb7 Qa3 26. Rc8 Qa5 27. Rxd8+
Qxd8 28. Qxa7 Ne2+ 29. Kf1 Nf4 30. Qe3 1-0

[Event "Reykjavik Open 2018"]
[Site "Reykjavik ISL"]
[Date "2018.03.07"]
[Round "2.50"]
[White "Johannsson, Orn Leo"]
[Black "Gudmundsson, Bjorgvin S"]
[Result "1-0"]
[WhiteElo "2206"]
[BlackElo "1949"]
[WhiteFideId "2303051"]
[BlackFideId "2310520"]
[EventDate "2018.03.06"]

1. e4 c6 2. d3 d5 3. Nd2 e5 4. Ngf3 Bd6 5. Be2 Ne7 6. O-O O-O 7. Re1 f5 8. c3
Kh8 9. Bf1 Ng6 10. Qb3 fxe4 11. dxe4 Bc5 12. c4 dxc4 13. Nxc4 b5 14. Ne3 Qe7 15.
Qc2 a6 16. Nf5 Qa7 17. Be3 Bxe3 18. Rxe3 Nd7 19. Rc3 Nf6 20. Nd6 Bd7 21. Rd1 Ne8
22. Ng5 h6 23. Ngf7+ Kh7 24. Rg3 Nxd6 25. Nxd6 Rf6 26. b4 Raf8 27. Rd2 Nf4 28.
Qc5 Qxc5 29. bxc5 Be6 30. Ra3 Ra8 31. Ra5 Bc8 32. g3 Ne6 33. Bh3 Nd4 34. Rxd4
Bxh3 1-0

[Event "Reykjavik Open 2018"]
[Site "Reykjavik ISL"]
[Date "2018.03.07"]
[Round "2.51"]
[White "Baldvinsson, Loftur"]
[Black "Loew, Gerald"]
[Result "0-1"]
[BlackTitle "FM"]
[WhiteElo "1977"]
[BlackElo "2204"]
[WhiteFideId "2301261"]
[BlackFideId "4615875"]
[EventDate "2018.03.06"]

1. e4 d6 2. d4 Nf6 3. Bd3 e5 4. c3 Be7 5. Ne2 O-O 6. O-O c6 7. Kh1 Qc7 8. Ng3
Re8 9. Bg5 h6 10. Bxf6 Bxf6 11. Nh5 Bg5 12. f4 exf4 13. Nxf4 Nd7 14. Nh3 Bd8 15.
Nd2 Nf6 16. Qf3 Bg4 17. Qg3 Qd7 18. Nf2 Bh5 19. Rae1 Bc7 20. Qh4 Bg6 21. h3 Nh5
22. Bb1 Bd8 23. Qg4 Qxg4 24. Nxg4 Ng3+ 25. Kg1 Nxf1 26. Rxf1 Bg5 27. Nc4 h5 28.
Nh2 d5 29. Nd6 Re6 30. e5 Bxb1 31. Rxb1 f6 32. Nxb7 fxe5 33. dxe5 Rxe5 34. Nf3
Be3+ 35. Kf1 Re7 36. Na5 Rc8 37. Re1 Kf7 38. Rd1 Bb6 39. Nb3 Kf6 40. Nfd4 g6 41.
Ne2 Be3 42. Rd3 g5 43. g4 0-1

[Event "Reykjavik Open 2018"]
[Site "Reykjavik ISL"]
[Date "2018.03.07"]
[Round "2.52"]
[White "Murray, Michael A."]
[Black "Laustsen, Lars"]
[Result "1/2-1/2"]
[WhiteElo "1975"]
[BlackElo "2201"]
[WhiteFideId "2609126"]
[BlackFideId "1407554"]
[EventDate "2018.03.06"]

1. Nc3 c5 2. e4 Nc6 3. g3 g6 4. d3 Bg7 5. Be3 d6 6. Qd2 Rb8 7. Bg2 b5 8. f4 b4
9. Nd1 e5 10. Nf3 f6 11. O-O Nge7 12. fxe5 Nxe5 13. Nxe5 fxe5 14. Bh6 Bxh6 15.
Qxh6 Be6 16. Bh3 Qd7 17. Bxe6 Qxe6 18. Ne3 Kd7 19. Rf2 Rbe8 20. Raf1 Qxa2 21. b3
Qa5 22. Rf7 Qd8 23. Qh3+ Kc7 24. Qe6 Kb8 25. Nc4 Nc8 26. Qd5 Re7 27. R1f6 Rhe8
28. Nxd6 Rxf7 29. Qxf7 Nxd6 30. Rxd6 Qxd6 31. Qxe8+ Kb7 32. Qf7+ 1/2-1/2

[Event "Reykjavik Open 2018"]
[Site "Reykjavik ISL"]
[Date "2018.03.07"]
[Round "2.53"]
[White "Ptacnikova, Lenka"]
[Black "Jacobsen, Heidrikur T."]
[Result "1-0"]
[WhiteTitle "WGM"]
[WhiteElo "2200"]
[BlackElo "1887"]
[WhiteFideId "305650"]
[BlackFideId "7200340"]
[EventDate "2018.03.06"]

1. Nf3 Nf6 2. g3 g6 3. Bg2 Bg7 4. O-O O-O 5. c4 d6 6. d4 c6 7. Nc3 Qc7 8. e4 e5
9. h3 Nbd7 10. Be3 h6 11. Rc1 Ne8 12. c5 dxc5 13. dxe5 b6 14. b4 Ba6 15. Re1 c4
16. Qa4 Bb7 17. b5 a6 18. bxc6 Qxc6 19. Qxc6 Bxc6 20. Nd5 Bxd5 21. exd5 b5 22.
e6 fxe6 23. dxe6 Ndf6 24. Ne5 Rc8 25. Nxg6 1-0

[Event "Reykjavik Open 2018"]
[Site "Reykjavik ISL"]
[Date "2018.03.07"]
[Round "2.54"]
[White "Frank, Tena"]
[Black "Giacomini, Hector"]
[Result "0-1"]
[WhiteTitle "WFM"]
[WhiteElo "1921"]
[BlackElo "2193"]
[WhiteFideId "4624297"]
[BlackFideId "605352"]
[EventDate "2018.03.06"]

1. d4 d5 2. c4 e6 3. Nc3 Nf6 4. cxd5 exd5 5. Bg5 Be7 6. e3 O-O 7. Bd3 Nbd7 8.
Qc2 Re8 9. Nge2 Nf8 10. O-O c6 11. f3 Be6 12. Rad1 Rc8 13. a3 Ng6 14. b4 Rc7 15.
Kh1 b5 16. Rc1 a6 17. Ng3 Ra7 18. Nce2 Rc7 19. e4 Nxe4 20. Nxe4 dxe4 21. Bxe7
Rexe7 22. Bxe4 Bd5 23. Rcd1 Qe8 24. Ng3 Nf8 25. Nf5 Red7 26. Rfe1 Qd8 27. Ng3 g6
28. Qf2 Ne6 29. Ne2 Qf6 30. Kg1 Kg7 31. Rd2 Bc4 32. Bd3 Nxd4 33. Bxc4 Nxf3+ 34.
Qxf3 Qxf3 35. gxf3 Rxd2 36. Bb3 Re7 37. Kf2 Rb2 38. Bd1 Ra2 39. Kf1 Rxa3 40. Nd4
Rxe1+ 41. Kxe1 Rc3 42. Be2 c5 43. bxc5 Rxc5 44. Kd2 Rh5 45. Ke3 Rxh2 46. Nb3 Rh1
47. Kd4 h5 48. f4 h4 49. Nc5 Ra1 50. Nb3 Re1 51. Bf3 h3 0-1